|
|
|
|
| LEADER |
00000cam a2200000 7i4500 |
| 001 |
0000009143 |
| 002 |
000009956 |
| 005 |
20070109.0 |
| 020 |
|
|
|a 9839223062
|
| 090 |
0 |
0 |
|a JF
|b MOR
|
| 100 |
1 |
|
|a Morris, Katherine
|
| 245 |
1 |
0 |
|a Kat dan Tak :
|b kisah dua ekor katak
|c ditulis dan illustrasi oleh Katherine Morris ; terjemahan Sulaiman Zakaria
|
| 260 |
|
|
|a Kuala Lumpur :
|b Sharmah's Media ,
|c 1995
|
| 300 |
|
|
|a p.v. :
|b ill. ;
|c 26 cm.
|
| 490 |
0 |
|
|a Siri kisah hidupku
|
| 650 |
0 |
0 |
|a Children's stories, English
|x Translations into Malay
|
| 700 |
1 |
|
|a Sulaiman Zakaria ,
|e terjemahan
|
| 999 |
|
|
|a 042483
|b BUKU
|c PINJAMAN
|e PERPUSTAKAAN KOMUNITI PETALING JAYA
|